000 00989nmc a2200361 a 4500
003 AR-BaBNM
005 20251128204314.0
008 011101s1991 ||||||||||||||000 | spa||
020 _a950-16-6103-2
040 _cAR-BaBNM
100 1 _aBavio, Carmen
245 1 0 _aEcosistema de palabras
_btaller de gramática
250 _a1ª ed.
260 _aBuenos Aires
_bTroquel
_c1991
300 _a61 p.
_bgráfs., il.
490 0 _aCuadernos taller
500 _aContiene ejercicios de evaluación
650 4 _aTALLERES [METODO PEDAGOGICO]
650 4 _aGRAMATICA
650 4 _aLENGUAJE
650 4 _aMORFOLOGIA [LINGUISTICA]
650 4 _aSINTAXIS
650 4 _aSEMANTICA
650 4 _aENSENANZA DE LA ESCRITURA
650 4 _aENSENANZA DE LA LECTURA
650 4 _aACTIVIDADES DE APRENDIZAJE
653 _aEDUCACION PRIMARIA
700 1 _aCéspedes, Cora
700 1 _aFalbo, Silvia María
800 1 _aJacob, Esther
_edirector
942 _cBK
998 _cMARTIN
999 _c6960
_d6960